Supa Strikas - Statystyki

Ogólne statystyki
  • Ten quiz został rozwiązany 179 razy
  • Średni wynik to 46 z 122
Statystyki odpowiedzi
Hint Odpowiedź % Poprawnych
Jak nazywa się bramkarz Supa Strikas? | Kto jest zastępczym kapitanem Supa Strikas? Wielki Bo
99%
Kto owija ręce bandażem? Skrętny Tygrys
96%
Kto uwielbia strudle? Klaus
91%
Najdroższy piłkarz super ligi? El Matador
88%
Ile jest sezonów Supa Strikas? (łącznie z rookie season) 8
87%
Kto umie robić wkrętkę? Shaker
86%
Którego zawodnika z Supa Strikas fascynuje muzyka? Luźny Joe
84%
Największy wróg Shakera? Skarra
83%
Puchary super ligi? 1
81%
Jak nazywa się kapitan Supa Strikas? Gibki Rasta
79%
Puchary super ligi? 3
78%
Puchary super ligi? 7
78%
Puchary super ligi? 2
77%
Ile pucharów super ligi wygrali Supa Strikas? | Puchary super ligi? 6
77%
Kto ma najlepszy wzrok z Supa Strikas? Sokole Oko
73%
Bramkarz FC Azul? | Kapitan FC Azul? | Najlepszy bramkarz super ligi? De Los Santos
68%
Kto gra z numerem 8 w Supa Strikas? North Shaw
66%
Trener/ka Supa Strikas? Trener
65%
Puchary super ligi ? | Puchary super ligi? | Puchary super ligi?(zlikwidowany) 0
63%
Kraj pochodzenia Żelaznych Czołgów? Niemcy
63%
Kto najlepiej znał Jomo? | Trener/ka Niepokonanych United? Vince
63%
Kraj pochodzenia FC Nakamy? Japonia
61%
Zawodnik Hydr grający z numerem 8? Liquido
61%
Jak nazywa się stadion Supa Strikas? Strikaland
60%
Jak nazywa się ojciec Shakera? Jomo
59%
Jaka jest pasja tego gracza? Surfing
58%
Kraj pochodzenia Niepokonanych United? | Kraj pochodzenia Supa Strikas? RPA
57%
Kapitan Żelaznych Czołgów? Johann Uber
52%
Kapitan Niepokonanych United? Dooma
51%
Trener/ka FC Nakamy? Ura Giri
51%
Kraj pochodzenia FC Cosmos? | Kraj pochodzenia FC Technicali? USA
48%
Jak nazywa się miś Ściany? Arystoteles
46%
Ostatni odcinek Supa Strikas? Koniec gry
46%
Kraj pochodzenia Clubu Palmentieri? | Kraj pochodzenia FC Azul? Brazylia
45%
Ile pucharów super ligi wygrali Niepokonani United? 16
44%
Stadion Żelaznych Czołgów? Forteca
43%
Kraj pochodzenia FC Barki? Hiszpania
41%
Kapitan Clubu Palmentieri? Don Aldo
39%
Kapitan FC Barki? Riano
39%
Pierwszy odcinek Supa Strikas? Gibki Rasta na lodzie
37%
Trener/ka FC Technicali? Tony Vern
36%
Bramkarz Żelaznych Czołgów? Mangler
33%
Kapitan FC Cosmos? Ninja
33%
Trener/ka Clubu Palmentieri? Edwin
32%
Trener Clubu Oriona? Profesor Black
32%
Kraj pochodzenia Klubu Oriona? Francja
31%
Kapitan FC Nakamy? Miko Chen
31%
Kraj pochodzenia FC Grimm? Rumunia
31%
Kapitan Clubu Oriona? Andre Meda
26%
Trener/ka Żelaznych Czołgów? Pułkownik Von Pushup
26%
Jak nazywa się siostra Shakera? Nandi
24%
Największy wróg Liquido? Nort Shaw
23%
Kraj pochodzenia FC Sułtanów? Zjednoczone Emiraty Arabskie
23%
Kraj pochodzenia FC Hydr? Włochy
22%
Kraj pochodzenia FC Colossus? Grecja
21%
Stadion FC Hydr? Pływający Stadion
19%
Kraj pochodzenia FC Cognito? Wielka Brytania
18%
Trener/ka FC Hydr? Alfredo Del Aqua
17%
Trener/ka FC Cognito? In Yo
17%
Kapitan FC Hydr? Skipper
17%
Stadion FC Technicali? The Hub
17%
Kapitan FC Grimm? Vladimir Savich
17%
Kogo Skarra ciągle wyzywya? Dingaana
16%
Zielonooki zawodnik FC Technicali? John J Johnson Junior
15%
Trener/ka FC Cosmos? Buddy Watkins Junior
14%
Trener/ka FC Barki? Golare
14%
Jak nazywa się stadion niepokonanych United? The Vice
14%
Trener FC Grimm? Trener Belmont
14%
Kapitan FC Technicali? Chuck T Chipperson
13%
Stadion FC Nakamy? Ga Shuku
13%
Bramkarz FC Nakamy? Kendo
13%
Bramkarz FC Technicali? Benedict B. Bradley
12%
Stadion FC Grimm? Kocioł
12%
Bramkarz FC Hydr? The Plug
11%
Bramkarz FC Grimm? Franklyn Stein
9%
Bramkarz FC Cosmos? Keller
9%
Bramkarz FC Cognito? Pavlov Yashin
9%
Stadion Clubu Palmentieri? Ramba
9%
Bramkarz Clubu Oriona? | Bramkarz Clubu Palmentieri? | Bramkarz Lokomotiv Moskwa? (zlikwidowany) | +3 others nieznany
8%
Stadion FC Barki? Faux Camp
7%
Trener/ka FC Azul? Honcho Gomez
7%
Kapitan FC Colossus? Parseus
7%
Bramkarz FC Colossus? Titan
7%
Kraj pochodzenia Lokomotiv Moskwa?(zlikwidowany) Moskwa
6%
Stadion FC Cosmos? Wszechświat
6%
Stadion FC Cognito? Kwatera Główna
5%
Kapitan FC Cognito? Udi Pass
5%
Kraj pochodzenia Sa Ming United? Chińska Republika Ludowa
4%
Stadion FC Azul? Aztec Stadium
3%
Stadion Clubu Oriona? Centrum
3%
Trener/ka FC Sułtanów? Sheikh Ali Zaman
3%
Stadion FC Sułtanów? Stadion Oaza
3%
Kapitan FC Sułtanów? Zoom Zachir
3%
Kapitan Lokomotiv Moskwa? (zlikwidowany) Zwinny Sandro
3%
Kapitan Sa Ming United? Sa Ma Wee
2%
Bramkarz FC Sułtanów? Fast Farouk
1%
Trener FC Colossus? Nick Kickalopolus
1%
Bramkarz FC Barki? Zhu Li Ao
1%
Stadion Lokomotiv Moskwa?(zlikwidowany) Fake Motic
0%
Stadion FC Colossus? Stadiom Olimpii
0%
Nie znaleziono quizów pasujących do podanych kryteriów
Rozkład punktacji
Procent ludzi z każdym wynikiem
Percentyl według liczby udzielonych odpowiedzi
Twoja historia wyników
Nie rozwiązałeś tego quizu